Lifting the Small Boats.

IMF Managing Director Christine Lagarde's speech of June 17, 2015, proposes policies and reforms to deal with growing social and economic inequality.

গ্রন্থ-পঞ্জীর বিবরন
সংস্থা লেখক: International Monetary Fund. Communications Department
বিন্যাস: পত্রিকা
ভাষা:English
প্রকাশিত: Washington, D.C. : International Monetary Fund, 2015.
বিষয়গুলি:
অনলাইন ব্যবহার করুন:Full text available on IMF
LEADER 01251cas a2200277 a 4500
001 AALejournalIMF015398
008 230101c9999 xx r poo 0 0eng d
020 |c 5.00 USD 
020 |z 9781513512976 
040 |a BD-DhAAL  |c BD-DhAAL 
110 2 |a International Monetary Fund.  |b Communications Department. 
245 1 0 |a Lifting the Small Boats. 
264 1 |a Washington, D.C. :  |b International Monetary Fund,  |c 2015. 
300 |a 1 online resource (16 pages) 
500 |a <strong>Off-Campus Access:</strong> No User ID or Password Required 
500 |a <strong>On-Campus Access:</strong> No User ID or Password Required 
506 |a Electronic access restricted to authorized BRAC University faculty, staff and students 
520 3 |a IMF Managing Director Christine Lagarde's speech of June 17, 2015, proposes policies and reforms to deal with growing social and economic inequality. 
538 |a Mode of access: Internet 
650 7 |a Economy  |2 imf 
650 7 |a Income Share  |2 imf 
650 7 |a Living Standard  |2 imf 
650 7 |a Policy  |2 imf 
650 7 |a SPE  |2 imf 
651 7 |a United States  |2 imf 
856 4 0 |z Full text available on IMF  |u http://elibrary.imf.org/view/books/076/22711-9781513512976-en/22711-9781513512976-en-book.xml  |z IMF e-Library